MDQL
is popping MORE tags! Check the
thread
!
Quizzes
Events
Quiz Creation
Community
Videos
Private Events
Remove Ads
Sign In
Join for FREE
Feedback
Dark Mode
Quiz Categories
Sports
Geography
Music
Movies
Television
Just For Fun
Miscellaneous
History
Literature
Language
Science
Gaming
Entertainment
Religion
Holiday
For Kids
Quiz Lab
Recent
Popular Today
Quiz Kudos Today
Editor Picks
Curator Picks
Quizzes by...
Day
Popularity
Type
Ratings
Length
Year
Community
Subscriptions
Recent Discussions
Orange Saloon
Badges
Playlists
Quests
Create
Leaderboards
Showdown
Live 5
Trivia Bingo
Activity
Puzzle Library
Sporcle Events
Private Events
Virtual Trivia
Globe League
Become a Host
Pub Owners
SporcleCon
Opinionation
Our Games
Videos
Blog
Mobile Apps
Partnerships
Remove Ads and Go Orange
Feedback
Sports
Athletes
MLB
NBA
NHL
NFL
Soccer
Sports Teams
WWE
NCAA
Football
Premier League
Basketball
Baseball
Hockey
Golf
Tennis
Cricket
Rugby
Auto Racing
Olympics
World Cup
Sports
Athletes
MLB
NBA
NHL
NFL
Soccer
Sports Teams
WWE
NCAA
Football
Premier League
Basketball
Baseball
Hockey
Golf
Tennis
Cricket
Rugby
Auto Racing
Olympics
World Cup
Random Quiz
Search Sporcle
×
Quiz Lab
Quiz Lab
Sports
Baseball
Type in answers that appear in a list
Type in answers that appear in a list
Classic
Best Score? Go Orange.
Name a baseball feat Stats
Can you name the players who performed the listed baseball feat?
By
amwoods13
5m
20 Questions
74 Plays
74 Plays
74 Plays
Comments
Comments
Give Quiz Kudos
Give Quiz Kudos
-
- Ratings
hide this ad
More Info
Replay
Link that replays current quiz
Next Quiz
Link to next quiz in quiz playlist
You Got
0%
They Got
Avg Score
70%
Avg Friend Score
Upgrade to see
Score Distribution
Jump to the score distribution portion of the page
Score
0/20
Timer
05:00
0
Plays Today
Feat
Players
% Correct
Players who hit more than 60 HRs in a single season
Barry Bonds
94.6%
Pitchers with more than 400 career saves
Mariano Rivera
93.2%
Pitcher who have career averages of 10 or more strikeouts per nine innings pitched
Randy Johnson
91.9%
Players who have stolen 100 or more bases in a single season since 1900
Rickey Henderson
91.9%
Pitchers who have walked more than 175 batters in a season since 1900
Bob Feller
90.5%
Players with more than 4000 career hits
Pete Rose
89.2%
Pitcher who have lost despite pitching a no-
hitter
Ken Johnson
87.8%
Players with more than 6000 career total bases
Hank Aaron
83.8%
Pitchers with 40 or more complete games in a season since 1900
Vic Willis
78.4%
Players with more than 700 at bats in a single season
Jimmy Rollins
74.3%
Feat
Players
% Correct
Players who have been hit by a pitch 250 or more times in a career
Hughie Jennings
74.3%
Players with 8000 or more career assists
Rabbit Maranville
74.3%
Pitchers who have thrown 12 or more shutouts in a single season since 1900
Jack Coombs
68.9%
Pitcher who lost 20 or more games in a season since 1975
Wilbur Wood
67.6%
Players who have struck out more than 200 times in a single season
Mark Reynolds
64.9%
Pitcher who has no-
hit the New York Mets
Sandy Koufax
52.7%
Pitchers who have appeared in more than 90 games in a single season
Mike Marshall
40.5%
Pitchers who have averaged better than 10 strikeouts per walk in a single season
Bret Saberhagen
33.8%
Players who hit more than 60 doubles in a single season
Earl Webb
33.8%
Players with 16 or more sacrifice flies in a single season
Gil Hodges
17.6%
Quiz Playlist
Details
Report
Send in Message
Add To Playlist
More Info:
Name any of 2 or more players who accomplished the baseball feat listed.
Classic:
Type in answers that appear in a list
Quiz Source
Last Updated: Feb 16, 2017
Quiz Scoreboard
CHALLENGE
Sign Up to Join the Scoreboard
Show All
Scores
Hide
Comments
May contain spoilers
Recently Published
Find the 'City' Movie
by crazypaving
Movies
60s
5x2 Blitz: Bands
by SL_Kpop136
Music
30s
Colored Red Africa Blitz
by spor1
Geography
30s
More to Explore
Quiz From the Vault
Featured Blog Post
14 Easter Pick-up Lines to Find Eggs With
hide this ad
You Might Also Like...
Tags
Baseball Quiz
Today's Top Quizzes in Sports
Browse Sports
hide this ad
Today's Top Quizzes in Baseball
Browse Baseball
Top Contributed Quizzes in Sports
1
Players with Multiple 50 Home Run Seasons
2
Criteria MLB: Left Handed Sluggers
3
MLB Players with Two .350 Batting Average Seasons
4
Who Hit More Homers?
5
Premier League Clubs since 2000 (minefield)
6
Who Needs Fielders?
7
2020 F1 Drivers Logic Puzzle
8
Les entraîneurs de l'OM et du PSG au 21e siècle
9
Top 10 NHL Goal Scorers of All Time
10
MLB Hall of Famer by Rings
Explore More
Trending Topics
Kpop
Crossword
Disney
NBA
Marvel
Anime
Harry Potter
Soccer
The Office
NFL
Country
Song
WWE
Puzzle
Pokémon
hide this ad
More By:
amwoods13
Quiz
Plays
Rating
Category
Featured
Created
Colorful Song Click 'Em
101,381
4.41
Music
May 8, 2012
Song Occupations
80,428
4.28
Music
May 20, 2012
Classic Rock from A to Z
60,849
4.44
Music
Aug 5, 2013
Lead Singer Match: Classic Rock
51,330
4.43
Music
Jan 8, 2013
Best Picture Nominee Slot Machine
50,367
4.62
Movies
Jun 4, 2012
Go to Creator's Profile
Score Distribution
Quiz Creator Spotlight
amwoods13
Follow
Send a Message
Quizzes Created
-
Created Quiz Play Count
-
More By This Creator
Popular Quizzes Today
1
Find the 'City' Movie
2
Colored Red Africa Blitz
3
5x2 Blitz: Bands
4
Find the US States - No Outlines Minefield
5
The Countries of the World
6
Find the US States
7
US States
8
9x9 Crossword: Cartoon Network
More Sports Quizzes
Euro Big Five Top Scorers 2022-2023
Curator's Pick
Trending Quizzes
Colored Red Europe Blitz I
Colored Red Africa Blitz II
Colored Red Europe Blitz II
Colored Red Europe Blitz III
Colored Red Africa Blitz III
Recently Updated
Famous TV Couples
Peacemaker
Champions League XIs: Real Madrid
pecheneg
Largest US Cities 1790-2010
pecheneg
Rides in Walt Disney World
pecheneg
Most Oscar Losses (Acting)
pecheneg
Beyoncé Albums
pecheneg
Leaping Animals
pecheneg
Reality TV Shows (A-Z)
bhenderson79
Rickey Henderson's Hall of Fame Teammates
pecheneg
Champions League XIs: Arsenal
pecheneg
Trending Topics
NBA
Crossword
Kpop
Harry Potter
Anime
Marvel
Disney
Soccer
Pokémon
WWE
Country
Song
NFL
Puzzle
The Office
Your Account Isn't Verified!
In order to create a playlist on Sporcle, you need to verify the email address you used during registration. Go to your
Sporcle Settings
to finish the process.
Report this User
Report this user for behavior that violates our
Community Guidelines
.
Details:
Send Report
Go to the Sporcle.com Mobile Site →
Comments